MDQL
is popping MORE tags! Check the
thread
!
Quizzes
Events
Quiz Creation
Community
Videos
Private Events
Remove Ads
Sign In
Join for FREE
Feedback
Dark Mode
Quiz Categories
Sports
Geography
Music
Movies
Television
Just For Fun
Miscellaneous
History
Literature
Language
Science
Gaming
Entertainment
Religion
Holiday
For Kids
Quiz Lab
Recent
Popular Today
Quiz Kudos Today
Editor Picks
Curator Picks
Quizzes by...
Day
Popularity
Type
Ratings
Length
Year
Community
Subscriptions
Recent Discussions
Orange Saloon
Badges
Playlists
Quests
Create
Leaderboards
Showdown
Live 5
Trivia Bingo
Activity
Puzzle Library
Sporcle Events
Private Events
Virtual Trivia
Globe League
Become a Host
Pub Owners
SporcleCon
Opinionation
Our Games
Videos
Blog
Mobile Apps
Partnerships
Remove Ads and Go Orange
Feedback
Movies
Disney
Marvel Cinematic Universe
Movie Resume
Movie Titles
Oscar
Actor
Actress
Director
Pixar
Role
Movie Quotes
Movie Characters
Box Office
Nominee
Best Picture
Star Wars
James Bond
Horror Movies
Movies
Disney
Marvel Cinematic Universe
Movie Resume
Movie Titles
Oscar
Actor
Actress
Director
Pixar
Role
Movie Quotes
Movie Characters
Box Office
Nominee
Best Picture
Star Wars
James Bond
Horror Movies
Random Quiz
Search Sporcle
×
Quiz Lab
Quiz Lab
Movies
Actress
Type in answers that appear in a list
Type in answers that appear in a list
Classic
Best Score? Go Orange.
Golden Globe: Best Picture Stats
Can You Name The Golden Globe Best Picture Winners Since 1960?
By
Sepa
9m
64 Questions
271 Plays
271 Plays
271 Plays
Comments
Comments
Give Quiz Kudos
Give Quiz Kudos
-
- Ratings
hide this ad
More Info
Replay
Link that replays current quiz
Next Quiz
Link to next quiz in quiz playlist
You Got
0%
They Got
Avg Score
49%
Avg Friend Score
Upgrade to see
Score Distribution
Jump to the score distribution portion of the page
Score
0/64
Timer
09:00
0
Plays Today
Year Won
Movie
% Correct
2001
Gladiator
88.2%
1998
Titanic
87.1%
2000
American Beauty
86.7%
1995
Forrest Gump
86%
2006
Brokeback Mountain
84.5%
1973
The Godfather
81.9%
2013
Argo
81.7%
2016
The Revenant
81.7%
2010
Avatar
81.2%
1994
Schindler's List
81.2%
1977
Rocky
80.4%
1991
Dances with Wolves
80.1%
1989
Rain Man
80.1%
2019
Bohemian Rhapsody
78.7%
2021
Nomadland
78.7%
1983
E.T.: The Extra-Terrestrial
78.6%
2002
A Beautiful Mind
78.2%
1999
Saving Private Ryan
77.9%
2014
12 Years a Slave
77.5%
2004
The Lord of the Rings: The Return of the King
74.5%
1997
The English Patient
74.5%
2005
The Aviator
73.8%
1976
One Flew Over the Cuckoo's Nest
73.1%
1987
Platoon
72.7%
1993
Scent of a Woman
72.3%
2009
Slumdog Millionaire
72%
1980
Kramer vs. Kramer
70.5%
2018
Three Billboards Outside Ebbing, Missouri
70.2%
2003
The Hours
68.6%
1963
Lawrence of Arabia
67.2%
2017
Moonlight
66.2%
1974
The Exorcist
65.7%
Year Won
Movie
% Correct
1984
Terms of Endearment
63.8%
1972
The French Connection
63.8%
1982
On Golden Pond
61.6%
2008
Atonement
60.9%
1985
Amadeus
58.3%
2015
Boyhood
57.7%
1996
Sense and Sensibility
57.6%
1960
Ben-Hur
56.3%
1990
Born on the Fourth of July
56.1%
1986
Out of Africa
55.7%
1992
Bugsy
55%
1981
Ordinary People
53.9%
1968
In the Heat of the Night
53.5%
2022
The Power of the Dog
53.3%
1961
Spartacus
50.7%
1975
Chinatown
49.4%
2011
The Social Network
48%
1971
Love Story
47.2%
1969
The Lion in Winter
41.3%
1988
The Last Emperor
40.6%
2007
Babel
40.2%
1966
Doctor Zhivago
37.3%
2020
1917
31.9%
2023
The Fabelmans
26.7%
2012
The Descendents
25.9%
1965
Becket
21%
1978
The Turning Point
19.9%
1967
A Man for All Seasons
19.2%
1979
Midnight Express
15.5%
1962
The Guns of Navarone
12.2%
1970
Anne of the Thousand Days
10.3%
1964
The Cardinal
7%
Quiz Playlist
Details
Report
Send in Message
Add To Playlist
More Info:
THE LIST IS COMPILED FROM BEST PICTURE IN A DRAMA CATEGORY. LAST UPDATED 10-23-2021.
Classic:
Type in answers that appear in a list
Quiz Source
Last Updated: Nov 3, 2023
Quiz Scoreboard
CHALLENGE
Sign Up to Join the Scoreboard
Show All
Scores
Hide
Comments
May contain spoilers
Recently Published
Street Fighter Characters
by Artimus82
Gaming
60s
9x9 Crossword: Cartoon Network
by jackfrog10
Miscellaneous
3m
College Basketball Coaching Resumes
by pancakes188
Sports
9m
More to Explore
Quiz From the Vault
Featured Blog Post
Where Did the Easter Bunny Come From?
hide this ad
You Might Also Like...
Tags
Actor Quiz
Actress Quiz
Best Picture Quiz
globe
gold
Golden Globes
Image Quiz
Winner
Won
Today's Top Quizzes in Movies
Browse Movies
hide this ad
Today's Top Quizzes in Actress
Browse Actress
Top Contributed Quizzes in Movies
1
Pick 5 Posters: Directed by Spielberg
2
7-to-1: Pixar Characters
3
Pick 5 Posters: Lowest-Rated Spielberg
4
Hidden Star Wars Character II
5
Sorting Actors
6
Sorting Actresses
7
Pick 5 Posters: Directed by Scorsese
8
Hidden Star Wars Character III
9
Pick 5 Posters: Star & Director
10
Hidden Star Wars Character IV
Explore More
Trending Topics
NBA
Disney
Crossword
Harry Potter
Kpop
Anime
Marvel
The Office
Puzzle
Country
Soccer
WWE
NFL
Song
Pokémon
hide this ad
More By:
Sepa
Quiz
Plays
Rating
Category
Featured
Created
Marvel Characters (A-Z)
218,208
4.22
Entertainment
May 5, 2011
Marvel: Most Published Characters 1-100
181,450
4.44
Entertainment
May 1, 2010
NBA Double-Double Averages (2000-2010)
146,211
4.30
Sports
Dec 1, 2010
DC Comics: Most Published Characters 1-100
93,398
3.97
Entertainment
Jan 3, 2011
1970s World History
91,163
4.23
History
Feb 3, 2010
Go to Creator's Profile
Score Distribution
Quiz Creator Spotlight
Sepa
Follow
Send a Message
Quizzes Created
-
Created Quiz Play Count
-
More By This Creator
Popular Quizzes Today
1
Find the US States - No Outlines Minefield
2
Find the Countries of Europe - No Outlines Minefield
3
The Countries of the World
4
Find the US States
5
Risky Map Clicking: Biggest States A-Z
6
US States
7
Popular People in 1961
8
Movies - When Are They Set?
More Movies Quizzes
Movies: Take A Seat! IV (Slideshow)
Quiz Lab
Trending Quizzes
Risky Map Clicking: Least Populous States A-Z
1-10 Letter G Words
Risky Map Clicking: Next State Alphabetically
Adjectives in 80s TV Shows
The Seven Year Switch: Catherine
Recently Updated
Leaping Animals
pecheneg
Reality TV Shows (A-Z)
bhenderson79
Rickey Henderson's Hall of Fame Teammates
pecheneg
Champions League XIs: Arsenal
pecheneg
Quick Pick: Celebrities in WWE's Hall of Fame
aduchscher
A-Z Keypad Blitz II
pecheneg
Multiple Oscar Actors
pecheneg
Mystery Phrase Blitz: Oscar 'Best Actors'
pecheneg
F. Scott Fitzgerald Novels
LTH
Pick 3 Villains
ddd62291
Trending Topics
Kpop
Anime
Disney
Harry Potter
Crossword
Marvel
NBA
Pokémon
NFL
Soccer
Song
Country
The Office
WWE
Puzzle
Your Account Isn't Verified!
In order to create a playlist on Sporcle, you need to verify the email address you used during registration. Go to your
Sporcle Settings
to finish the process.
Report this User
Report this user for behavior that violates our
Community Guidelines
.
Details:
Send Report
Go to the Sporcle.com Mobile Site →
Comments